000 00494nam a2200181Ia 4500
005 20250508150416.0
008 008 250505s9999 xx 000 0 eng d
037 _aTextual
040 _aFEDL
_beng
_cFEDL
041 _aeng
_2eng
084 _a374.1, LIG
_qFEDL
100 _aLigon Ernest M
_9756624
245 0 _aGreater generation
260 _aNew York, USA
_bThe Macmillan Company
_c1948
300 _axii,157p
942 _cTEXL
_h374.1, LIG
999 _c1323489
_d1323489